000 00627nam a22002297a 4500
003 OSt
005 20220107122719.0
008 130816b xxu||||| |||| 00| 0 eng d
020 _a9781420059205
040 _cIIITM-K
082 _a577.14 MAN/E
100 _aManahan, Stanley E
_91537
245 _aEnvironmental Chemistry
_cby Stanley E Manahan
250 _a9th edition
260 _aUSA,
_bTaylor & Francis,
_c2010.
300 _axxix, 753p.
650 _aENVIRONMENTAL CHEMISTRY
_91538
650 _aGREEN CHEMISTRY
_91539
650 _aENVIRONMENTAL BIOCHEMISTRY
_91540
650 _aECOLOGY
_91541
942 _2ddc
_cBK
999 _c3181
_d3181